• 首页
  • 本馆介绍
  • 公告通知
  • 最新文献
  • 馆藏检索
  • 电子资源
  • 读者导购
  • 参考咨询
  • 我的图书馆
  • 登录
  • 详细信息显示
  • 放入我的书架
  • 预约/预借图书
  • 作者相关作品
  • 分类相关作品
  • 丛书相关作品
  • 出版社相关作品

书目信息

  • 表格格式
  • 工作单格式
  • 卡片格式
题名:
常用日语3000词例解
    
 
作者: 战庆胜 编
分册:  
出版信息: 大连   大连理工大学出版社  2001
页数: 1252页
开本: 20cm
丛书名:
单 册:
中图分类: H363.1
科图分类:
主题词: 日语--基本词汇
电子资源:
ISBN: 7-5611-1762-0
000 00570nam0 2200193 450
001 0650929781
005 20060313141352.62
010    @a7-5611-1762-0@b精装@dCNY55.00
100    @a20060313d2001 km y0chiy0120 ea
101 0  @achi
102    @aCN
200 1  @a常用日语3000词例解@Achang yong ri yu 3000 ci li jie@f战庆胜等编@Fzhan qing sheng deng bian
210    @a大连@c大连理工大学出版社@d2001
215    @a1252页@d20cm
606 0  @a日语@x基本词汇
690    @aH363.1@v4
701  0 @a战庆胜@Azhan qing sheng@4编
801  0 @aCN@bPFT@c20060313
905    @a10447@dH363.1@e291
    
    常用日语3000词例解/战庆胜等编.-大连:大连理工大学出版社,2001
    1252页;20cm
    
    
    ISBN 7-5611-1762-0(精装):CNY55.00
    
●
相关链接 在E读中查询图书 在五车中查询图书 在当当中查询图书 在豆瓣中查询图书


正题名:常用日语3000词例解     索取号:H363.1/291         预约/预借

序号 登录号 条形码 馆藏地/架位号 状态 备注
1 0339423   203394237   第二样本阅览室/ [索取号:H363.1/291] 在馆    
2 0339424   203394246   工具书阅览室/ [索取号:H363.1/291] 在馆    
3 0339425   203394255   密集书库/ [索取号:H363.1/291] 在馆    
唐山师范学院图书馆 欢迎您!
大连网信软件有限公司© 版权所有